00689nam a22001937a 4500003000500000005001700005008004100022010001000063011001000073035001000083040000900093100003300102245016000135260004100295300001000336502009500346650002600441650002800467CHAP20240213062703.0971013s1974 r 00010 d a13655 a14627 a18701 cCHAP00aGonzález Cabrera, Armando. aEfecto de altura y frecuencia de corte en la producción de proteínas en el zacate Estrella del Africa (Cynodon plectostachyus pilger) durante el verano a(Monterrey, N.L.) :bEl autor,c1974 a42 h. aTesis (Ing. Agrónomo Zootecnista) -- ITESM. Div. de Ciencias Agropecuarias y Marítimas17aCynodon nlemfuensis214aPastosxProteínas en.